000 00454nam a2200097Ia 4500
008 180130s9999 xx 000 0 und d
245 _cVipparthy, Santosh Kumar; Nagar, Shyam Krishna
_aColor directional local quinary patterns for content based indexing and retrieval
260 _c2016
300 _aBook title: Human-computer interaction : design, developments and applications--Acession number C20741; pages 174-186
650 _aHUMAN-COMPUTER INTERACTION
999 _c354377
_d354377